Datum a čas kvízu
19
Celkem bodů
Celkový počet nahraných bodů na tomto kvízu bez doplňovacích otázek.
5.
Pořadí na kvízu
Konečné umístění týmu na tomto kvízu.
Zaznamenané odpovědi
| # | Otázka | Odpověď | Body | Výsledky |
|---|---|---|---|---|
| 1. | Minulou neděli dopoledne dosed... | 0 | ||
| 2. | Nejmodernější typ policejního... | 0 | ||
| 3. | Ve zlínském obchodním a zábavn... | 0 | ||
| 4. | Bývalého hokejového brankáře,... | 1 | ||
| 5. | Velkou jarní cenu ovládl v ned... | 0 | ||
| 6. | Dědictví aneb Kurvahošigutntag... | 1 | ||
| 7. | Bohuš: "Není to ___, ten Kája?... | 1 | ||
| 8. | Kterou značku cigaret má Bohuš... | 0 | ||
| 9. | Kterou polévku si objednal prá... | 0 | ||
| 10. | Pták, kterého Bohuš koupil Ire... | 0 |